000 01066nam a2200277Ia 4500
003 OSt
005 20221005111448.0
006 a|||||r|||| 00| 0
007 ta
008 221004b |||||||| |||| 00| 0 hin d
020 _c150
024 _a5510
037 _b38237, 19/07/2013, Segment Book Distributors
_cTextual
040 _aCRL
_cCRL
_bhin
041 _2hin
_ahin
082 _aO152vI, J7;P8
100 _aद्विवेदी, हजारीप्रसाद
245 0 _aहिन्दी साहित्य का आदिकाल
246 _aHindī sāhitya kā ādikāla
260 _aनई दिल्ली
_bवाणी प्रकाशन भारत
_c2008
300 _a176पृ0
_ccm.
490 _aथ्ल्न्च् क्ब्.1 भ्प्छ
650 _aहिन्दी साहित्य
942 _hO152vI, J7;P8
_cTEXL
_2cc
999 _c1021902
_d1021902